Géographie européenne par lettre - N - Statistiques

Statistiques générales
  • Ce quiz a été pris 772 fois
  • Le résultat moyen est 13 sur 20
Statistiques - réponses
indice répondre % Correct
Pays connu pour les fjords Norvège
98%
Où la pizza a été inventée Naples
97%
Lac écossais avec un monstre célèbre Loch {Ness}
96%
Cathédrale parisienne achevée en 1260 Notre-Dame
95%
La ville ci-dessus, en italien Napoli
89%
Ville sur la Loire, à 50 km de l'Atlantique Nantes
88%
Suède, Norvège, Finlande, Danemark, et Islande Pays {nordiques}
83%
Capitale des Alpes-Maritimes Nice
80%
Capitale de Chypre Nicosie
78%
Lieu des rassemblements nazis, 1923-1938 Nuremberg
73%
Région française la plus proche de Jersey Normandie
72%
Capitale du duché de Lorraine jusqu'au en 1766 Nancy
67%
La capitale des Bahamas doit son nom à cette ville allemande Nassau
57%
Région du nord de l'Espagne - un pays autrefois indépendant Navarre
51%
Ville connu pour la légende de Robin des Bois Nottingham
44%
Ses habitants sont appelés Geordies ou Novocastrians {Newcastle} upon Tyne
30%
Νάξος, une île grecque Naxos
28%
Ville russe, littéralement « Basse nouvelle ville » Nijni Novgorod
18%
La deuxième ville de Serbie Novi Sad
13%
Archipel russe dans l'océan Arctique Nouvelle-Zemble
10%
Aucun quiz correspondant
Distribution des résultats
% des personnes avec chaque résultat
Percentile par nombre de réponses
Votre historique - résultats
Vous n’avez pas pris ce quiz